<?xml version="1.0" encoding="UTF-8"?>
<collection xmlns="http://www.loc.gov/MARC21/slim">
 <record>
  <leader>00530pamaa2200133   4500</leader>
  <controlfield tag="001">0000011977</controlfield>
  <controlfield tag="005">20071126090000.0</controlfield>
  <datafield tag="082" ind1=" " ind2=" ">
   <subfield code="a">530 PHY</subfield>
  </datafield>
  <datafield tag="090" ind1="0" ind2="0">
   <subfield code="a">QC21.2 </subfield>
   <subfield code="b">PHY 1998</subfield>
  </datafield>
  <datafield tag="245" ind1="0" ind2="0">
   <subfield code="a">PHYSICS for G.C.E. 'A' Level June/November 1986 to 1997 (theory) new syllabus 9244 for examinations in 1997 and after worked solutions topic by topic compiled for year 1 and year 2.</subfield>
  </datafield>
  <datafield tag="260" ind1="0" ind2="0">
   <subfield code="a">Singapore: </subfield>
   <subfield code="b">Redspot Publishing, </subfield>
   <subfield code="c">1998.</subfield>
  </datafield>
  <datafield tag="300" ind1=" " ind2=" ">
   <subfield code="a">iv, 296p.: </subfield>
   <subfield code="b">27cm.</subfield>
  </datafield>
  <datafield tag="440" ind1="0" ind2="0">
   <subfield code="a">Redspot prepare-for-exams series</subfield>
  </datafield>
  <datafield tag="650" ind1="0" ind2="0">
   <subfield code="a">Physics -- </subfield>
   <subfield code="x">Problems, exercises, etc </subfield>
  </datafield>
 </record>
</collection>
